| 000 | 01006cam a2200301 i 4500 | ||
|---|---|---|---|
| 001 | 162 | ||
| 003 | CO-MdFUSB | ||
| 005 | 20220621092718.0 | ||
| 008 | 160531t1994 us f |||| 00| 0 eng d | ||
| 020 | _a0-941037-33-9 | ||
| 040 |
_aCO-MdFUSB _bEspañol _cCO-MdFUSB _dCO-MdFUSB _erda |
||
| 041 | 0 | _aeng | |
| 082 | 0 | 4 |
_a222.1044 _bM997s |
| 100 | 1 | _aMynatt, Daniel S. | |
| 245 | 0 | 0 |
_aThe sub loco notes in the Torah of Biblia Hebraica Stuttgartensia _c / Daniel S. Mynatt |
| 264 | 1 |
_aTexas _b: Bibal, _c[1994] |
|
| 264 | 4 | _c© 1994 | |
| 300 |
_a278 Pag. _c; |
||
| 336 |
_2rdacontent _atexto _btxt |
||
| 337 |
_2rdamedia _asin mediación _bn |
||
| 338 |
_2rdacarrier _avolumen _bnc |
||
| 500 | _aA dissertation submittet to the Southern Baptist Theological Seminary in conformity with the requirements for the degree of Doctor of Philosophy. | ||
| 505 | _aTorah | ||
| 630 | 0 | 7 |
_aBiblia. _pAntiguo Testamento |
| 630 | 0 | 7 |
_aBiblia _xCrítica, interpretación, etc. |
| 942 | _cBK | ||
| 945 | _aestudiante | ||
| 999 |
_c31699 _d31699 |
||